000 01469nam a2200349 a 4500
001 ebr10695913
003 CaPaEBR
006 m o u
007 cr cn|||||||||
008 150303s2013 enk sb 001 0 eng d
020 _z9781118536117 (e-book)
020 _z9781118422984
040 _aCaPaEBR
_cCaPaEBR
035 _a(OCoLC)835118463
050 1 4 _aTA656.6
_b.S74 2013eb
082 0 4 _a624.1/76
_223
100 1 _aStepinski, Tadeusz.
245 1 0 _aAdvanced structural damage detection
_h[electronic resource] :
_bfrom theory to engineering applications /
_cTadeusz Stepinski, Tadeusz Uhl, Wieslaw Staszewski.
260 _aChichester, West Sussex, U.K. :
_bJohn Wiley & Sons,
_c2013.
300 _a1 online resource (xvii, 328 p.)
504 _aIncludes bibliographical references and index.
533 _aElectronic reproduction.
_bPalo Alto, Calif. :
_cebrary,
_d2015.
_nAvailable via World Wide Web.
_nAccess may be limited to ebrary affiliated libraries.
588 _aDescription based on online resource; title from title page (ebrary, viewed May 21, 2013).
650 0 _aStructural health monitoring.
650 0 _aStructural failures.
650 0 _aMaterials
_xTesting.
655 7 _aElectronic books.
_2local
700 1 _aUhl, Tadeusz.
700 1 _aStaszewski, W. J.
710 2 _aebrary, Inc.
856 4 0 _uhttp://site.ebrary.com/lib/rucke/Doc?id=10695913
_zAn electronic book accessible through the World Wide Web; click to view
999 _c9121
_d9121